The passivhaus designer's manual : (Record no. 608016)
[ view plain ]
| 000 -LEADER | |
|---|---|
| fixed length control field | 02052cam a2200325 i 4500 |
| 001 - CONTROL NUMBER | |
| control field | 18395088 |
| 003 - CONTROL NUMBER IDENTIFIER | |
| control field | OSt |
| 005 - DATE AND TIME OF LATEST TRANSACTION | |
| control field | 20240222114137.0 |
| 008 - FIXED-LENGTH DATA ELEMENTS--GENERAL INFORMATION | |
| fixed length control field | 141204s2015 nyuab b 001 0 eng |
| 010 ## - LIBRARY OF CONGRESS CONTROL NUMBER | |
| LC control number | 2014046349 |
| 020 ## - INTERNATIONAL STANDARD BOOK NUMBER | |
| International Standard Book Number | 9780415522694 (pbk. : alk. paper) |
| 020 ## - INTERNATIONAL STANDARD BOOK NUMBER | |
| Canceled/invalid ISBN | 9781315726434 (ebook) |
| 040 ## - CATALOGING SOURCE | |
| Original cataloging agency | DLC |
| Language of cataloging | eng |
| Transcribing agency | DLC |
| Description conventions | rda |
| Modifying agency | DLC |
| 042 ## - AUTHENTICATION CODE | |
| Authentication code | pcc |
| 050 00 - LIBRARY OF CONGRESS CALL NUMBER | |
| Classification number | TH4860 |
| Item number | .H67 2015 |
| 082 00 - DEWEY DECIMAL CLASSIFICATION NUMBER | |
| Classification number | 720.472 |
| Edition number | 23 |
| Author Mark | HOP |
| 100 1# - MAIN ENTRY--PERSONAL NAME | |
| Personal name | Hopfe, Christina J. |
| 9 (RLIN) | 121076 |
| 245 14 - TITLE STATEMENT | |
| Title | The passivhaus designer's manual : |
| Remainder of title | a technical guide to low and zero energy buildings / |
| Statement of responsibility, etc. | edited by Christina J. Hopfe and Robert S. McLeod. |
| 260 ## - PUBLICATION, DISTRIBUTION, ETC. | |
| Place of publication, distribution, etc. | London: |
| Name of publisher, distributor, etc. | Routledge; |
| Date of publication, distribution, etc. | 2015. |
| 300 ## - PHYSICAL DESCRIPTION | |
| Extent | xviii, 327 pages |
| Other physical details | illustrations (some color), color maps ; |
| Dimensions | 25 cm |
| 504 ## - BIBLIOGRAPHY, ETC. NOTE | |
| Bibliography, etc. note | Includes bibliographical references and index. |
| 505 0# - FORMATTED CONTENTS NOTE | |
| Formatted contents note | Introduction : climate change and the built environment / Robert S. McLeod and Christina J. Hopfe -- Thermal comfort / Louise Wille and Darren Woolf -- Building envelope : construction types and window design / Niall Crosson, Christina J. Hopfe and Robert S. McLeod -- Lighting and daylighting / Myriam Aries and Jan Wienold -- Heat and moisture assessment / Florian Antretter et al. -- Heat and hot water generation for domestic buildings / Marek Miara -- Heating and cooling of non-residential buildings / Doreen Kalz -- Ventilation concepts : planning and implementation / Michael Swainson -- Renewable energy technologies / Andrew Peel -- Site management and quality assurance / John Morehead -- PH Economics / Nick Newman and Richard Whidborne -- Passivhaus refurbishment (EnerPHit) : a case study / Ludwig Rongen. |
| 650 #0 - SUBJECT ADDED ENTRY--TOPICAL TERM | |
| Topical term or geographic name entry element | Ecological houses. |
| 9 (RLIN) | 25130 |
| 650 #0 - SUBJECT ADDED ENTRY--TOPICAL TERM | |
| Topical term or geographic name entry element | Dwellings |
| General subdivision | Energy conservation. |
| 9 (RLIN) | 31701 |
| 700 1# - ADDED ENTRY--PERSONAL NAME | |
| Personal name | McLeod, Robert S. |
| 9 (RLIN) | 121077 |
| 906 ## - LOCAL DATA ELEMENT F, LDF (RLIN) | |
| a | 7 |
| b | cbc |
| c | orignew |
| d | 1 |
| e | ecip |
| f | 20 |
| g | y-gencatlg |
| 942 ## - ADDED ENTRY ELEMENTS (KOHA) | |
| Source of classification or shelving scheme | |
| Koha item type | Reference |
| Withdrawn status | Lost status | Source of classification or shelving scheme | Damaged status | Not for loan | Permanent Location | Current Location | Date acquired | Full call number | Barcode | Date last seen | Cost, replacement price | Price effective from | Koha item type |
|---|---|---|---|---|---|---|---|---|---|---|---|---|---|
| School of Art Design and Architecture (SADA) | School of Art Design and Architecture (SADA) | 03/13/2017 | 720.472 HOP | SADAD0000141 | 02/22/2024 | 4027.63 | 02/22/2024 | Book |
